000 00855nam a2200253 i 4500
001 12116
003 ES-MaACL
005 20250813060902.0
007 t|
008 970411s1995 sp af |||| | spa d
020 _a84-7844-291-X
080 _a294.51
100 1 _aZimmer, Heinrich.
_9118268
245 1 0 _aMitos y símbolos de la India /
_cHeinrich Zimmer ; edición a cargo de Joseph Campbell ; traducción de Francisco Torres Oliver.
260 _aMadrid :
_bSiruela,
_c1995.
300 _a243 p., [22] p. de lám. :
_bil. ;
_c22 cm.
490 1 _aEl árbol del paraíso ;
_v1
650 1 7 _aMitología hindú
_2embne
_915107
700 1 _aCampbell, Joseph.
_934145
700 1 _aTorres Oliver, Francisco,
_d1935-
_9110996
830 0 3 _aEl árbol del paraíso
_v1
_9179942
852 _aES-MaACL
_jL-19480
999 _c12116
_d12116